|
|
|
|
| LEADER |
00000cam a2200000 7i4500 |
| 001 |
0000005798 |
| 005 |
20151222.0 |
| 008 |
070809 |
| 020 |
|
|
|a 9838753505(set)
|
| 020 |
|
|
|a 9838753556
|
| 090 |
0 |
0 |
|a G MAL
|
| 100 |
0 |
|
|a Muhamad Ismail Ahmad
|
| 245 |
1 |
0 |
|a Malaysia di alaf baru
|c Muhamad Ismail Ahmad
|
| 260 |
|
|
|a Selangor :
|b Pustaka Mawar ,
|c 2004
|
| 440 |
|
0 |
|a Siri keranamu Malaysia
|
| 500 |
|
|
|a Children ages 10-12 years old (pink)
|
| 650 |
|
0 |
|a Education and state
|z Malaysia
|
| 650 |
|
0 |
|a Junior fiction
|x Malay
|x Languages
|
| 710 |
0 |
|
|a Siri
|
| 710 |
0 |
|
|a Title
|
| 999 |
|
|
|a 0000875708
|b Book
|c Adult Collection
|e Cawangan Segamat
|
| 999 |
|
|
|a 0000875710
|b Book
|c Children Collection
|e Cawangan Tangkak
|
| 999 |
|
|
|a 0000875711
|b Book
|c Adult Collection
|e Cawangan Pontian
|
| 999 |
|
|
|a 0000980271
|b Book
|c Children Collection
|e Cawangan Taman Universiti
|
| 999 |
|
|
|a 0000980273
|b Book
|c Children Collection
|e Cawangan Mersing
|
| 999 |
|
|
|a 0000980274
|b Book
|c Children Collection
|e Perbadanan Perpustakaan Awam Johor
|
| 999 |
|
|
|a 0000980275
|b Book
|c Children Collection
|e Cawangan Mersing
|